MARC

LEADER 00000nam a2200000Ia 4500
001 13213
008 160829s9999 xx 000 0 cat d
020 |a 84-7609-395-0 
080 |a B-1-396 
100 |a Fonollosa i Obiol, Juli  |9 28241 
245 |a El Muntatge cinematogràfic / Juli Fonollosa i Obiol, Francesc Fonollosa i Obiol 
260 |a Barcelona :  |b Ajuntament de Barcelona, Regidoria d'Edicions i Publicacions, DL 1990 
300 |a 105 p. ;  |c 24 cm 
490 |a Sèrie didàctiques ; 24 
590 |a A la portada: IME, Publicacions de l'Institut Municipal d'Educació de l'Ajuntament de Barcelona 
650 |a Cinematografia  |x Producció i direcció  |9 28242 
700 |a Fonollosa i Obiol, Francesc   |9 28243 
710 1 |9 56272  |a Barcelona (Catalunya).  |b Regidoria d'Edicions i Publicacions 
710 2 |a Institut Municipal d'Educació (Barcelona, Catalunya)  |9 56273 
901 |a Arxiu 
942 |n 1  |2 udc 
952 |0 0  |1 0  |4 0  |6 B1396  |7 1  |9 44735  |a Arxiu  |b Arxiu  |d 2016-12-01  |l 0  |o B-1-396  |p 13213  |r 2016-12-01 00:00:00  |w 2016-12-01  |y ARXIU 
999 |c 47317  |d 47317